00378nam a2200133Ia 4500008004100000082001400041100001500055245002000070260001800090600001500108942000700123952009700130999001700227241002s9999 xx 000 0 und d a156.5 KAT aKatz David 0aAnimals and Men aLondon:c1953 aPhilosophy cUC 00104070aUITUbUITUd1994-01-01l0o156.5 KATpUC515r2024-10-02 09:31:22w2024-10-02yUC c18842d18842